Entry Nombre personal
001 - NÚMERO DE CONTROL
- campo de control: 159591
003 - IDENTIFICADOR DE NÚMERO DE CONTROL
- campo de control: SpMaBN
005 - FECHA Y HORA DE LA ÚLTIMA TRANSACCIÓN
- campo de control: 20240208202113.0
008 - ELEMENTOS DE DATO DE LONGITUD-FIJA
- campo de control de longitud fija: 921215nn ainnnaabn a aaa
016 ## - NÚMERO DE CONTROL DE UNA AGENCIA BIBLIOGRÁFICA NACIONAL
- Número de control del registro: BNE19932281081
024 7# - IDENTIFICADOR DE OTROS ESTÁNDARES
- Número estándar o código: http://viaf.org/viaf/102338348/
- Fuente: viaf
024 7# - IDENTIFICADOR DE OTROS ESTÁNDARES
- Número estándar o código: https://isni.org/isni/0000000072995722
- Fuente: isni
024 7# - IDENTIFICADOR DE OTROS ESTÁNDARES
- Número estándar o código: http://www.wikidata.org/entity/Q112526490
- Fuente: wikidata
040 ## - FUENTE DE CATALOGACIÓN
- Centro catalogador/agencia de origen: SpMaBN
- Lengua de catalogación: spa
- Centro/agencia transcriptor: SpMaBN
- Normas de descripción: rdc
- Convención/Normas de encabezamiento de materia/tesauro: embne
046 ## - FECHAS CON CODIFICACIÓN ESPECIAL
- Fecha de nacimiento: 1947
100 1# - ENCABEZAMIENTO-NOMBRE DE PERSONA
- Nombre de persona: Pintos, Margarita,
- Fechas asociadas al nombre: 1947-
370 ## - LUGAR ASOCIADO
- Lugar de nacimiento: España, Madrid (Comunidad Autónoma), Madrid
372 ## - CAMPO DE ACTIVIDAD
- Campo de actividad: Teología feminista
- Fuente del término: embne
374 ## - OCUPACIÓN
- Ocupación: Teólogos
- Ocupación: Profesores
375 ## - GÉNERO/SEXO
- Género: Femenino
377 ## - IDIOMA ASOCIADO
- Término de lengua/lenguaje: Español
400 1# - TRAZADO DE VÉASE--NOMBRE DE PERSONA
- Nombre de persona: Pintos de Cea-Naharro, Margarita María,
- Fechas asociadas al nombre: 1947-
400 1# - TRAZADO DE VÉASE--NOMBRE DE PERSONA
- Nombre de persona: Pintos de Cea Naharro, Margarita María,
- Fechas asociadas al nombre: 1947-
400 1# - TRAZADO DE VÉASE--NOMBRE DE PERSONA
- Nombre de persona: Pintos de Cea-Naharro, Margarita,
- Fechas asociadas al nombre: 1947-
400 1# - TRAZADO DE VÉASE--NOMBRE DE PERSONA
- Nombre de persona: Pintos de Cea Naharro, Margarita,
- Fechas asociadas al nombre: 1947-
400 1# - TRAZADO DE VÉASE--NOMBRE DE PERSONA
- Nombre de persona: Pinto, Margarita María,
- Fechas asociadas al nombre: 1947-
670 ## - FUENTE DE DATOS ENCONTRADOS
- Cita de la fuente: Religión, 6 Primaria, 2000
- Información encontrada: port. (textos, Margarita Pintos)
670 ## - FUENTE DE DATOS ENCONTRADOS
- Cita de la fuente: Budismo y Cristianismo en diálogo, 2009
- Información encontrada: port. (ed. Margarita Mª Pintos de Cea-Naharro)
670 ## - FUENTE DE DATOS ENCONTRADOS
- Cita de la fuente: La educación religiosa en una sociedad pluralista, 2011
- Información encontrada: port. (ed. Margarita Mª Pintos)
670 ## - FUENTE DE DATOS ENCONTRADOS
- Cita de la fuente: Concepción Gimeno de Flaquer, 2016
- Información encontrada: port. (Margarita Pintos de Cea-Naharro) solapa (Margarita Pintos; presidenta de la Asociación para el Diálogo Interreligioso de la Comunidad de Madrid (ADIM))
670 ## - FUENTE DE DATOS ENCONTRADOS
- Cita de la fuente: WWW El País, 18-1-2016
- Información encontrada: (Margarita Pintos de Cea- Naharro; n. 1947, Madrid; educadora y teóloga feminista)
- Identificador Uniforme de Recursos: http://politica.elpais.com/politica/2011/10/07/biografiaeldeba te/1318006587_270879.html
